| 000 | 01177cam a2200277 4500 | ||
|---|---|---|---|
| 001 | ##L131067 | ||
| 002 | ##9054 | ||
| 008 | 050923n2005 000 0 eng u | ||
| 020 | _a095473694X | ||
| 035 | _a(Sirsi) u131067 | ||
| 041 | 0 | _aeng | |
| 050 | 0 | 4 | _a692.5 $2 18 |
| 245 | 0 | 0 |
_aWessex Comprehensive Building Price Book 2006 _bMajor works |
| 250 | _a23rd ed. | ||
| 260 |
_aPoole _bWessex Electronic Publishing _c2005 |
||
| 300 |
_aCa. 1000p _c30cm. |
||
| 350 | _a99.95 | ||
| 520 | _aThis latest edition provides building contractors and consultants with a comprehensive guide to the current (net cost) unit prices for major building work. Prices are based upon a building of two or three storeys of the administrative or recreational type, such as offices, libraries, community centres and sports halls, architect designed and supervised, with a tender price in the range £750 000 to £1 500 000, providing reasonable quantities of work in all trades. | ||
| 590 | _aIKA081105 | ||
| 650 | 2 | 4 | _aBUILDING PRICE BOOKS |
| 650 | 2 | 4 | _aMAJOR WORKS |
| 650 | 2 | 4 | _aESTIMATING |
| 650 | 2 | 4 | _aCONSTRUCTION COSTS |
| 690 | _aBUILT ENVIRONMENT-BUILDING COSTS | ||
| 942 | _n0 | ||
| 999 |
_c104624 _d104624 |
||